000 00568nam a2200217Ia 4500
005 20231030093920.0
008 131103s9999 xx 000 0 und d
020 _aSBN 600001237
040 _aLoreto College
041 _aEnglish
082 _a929.9
_bEVA
100 _aEvans,I.O.
245 _aFlags
_cI.O.Evans;illustated by Jack Hayes
260 _aLondon
_bHamlyn
_c1970
300 _a159 p.
440 _aHamlyn All - Colour Paperbacks
504 _aIncludes bibliograpphical references and index
650 _aFlags
850 _aLCLIB
942 _cBK
999 _c13984
_d64463